[Event "GER-ch U12 Girls"]
[Site "Willingen"]
[Date "2016.05.17"]
[Round "5"]
[White "Diederich, Greta"]
[Black "Liu, Sijia Anna"]
[Result "0-1"]
[WhiteElo "1215"]
[BlackElo "1357"]
[PlyCount "64"]
[EventDate "2016.05.15"]
[EventType "swiss"]
[EventRounds "11"]
[EventCountry "GER"]
[SourceTitle "CBM 172 Extra"]
[Source "ChessBase"]
[SourceDate "2016.06.21"]
[SourceVersion "1"]
[SourceVersionDate "2016.06.21"]
[SourceQuality "1"]

1. e4 c5 2. Nc3 Nc6 3. f4 g6 4. Nf3 Bg7 5. Bc4 e6 6. a4 Nge7 7. d3 0-0 8. 0-0 d5 9. Ba2 b6 10. Qe1 Nd4 11. Nxd4 cxd4 12. Ne2 Re8 13. f5 gxf5 14. Qh4 Ng6 15. Qf2 dxe4 16. dxe4 d3 17. Nf4 Bd4 18. Be3 Bxb2 19. Rab1 Bg7 20. Nxg6 fxg6 21. exf5 Kh8 22. fxg6 hxg6 23. Qg3 dxc2 24. Rbc1 Qd3 25. Rce1 Bd7 26. Qh4+ Kg8 27. Bc1 Qd4+ 28. Qxd4 Bxd4+ 29. Kh1 Rf8 30. Bb3 Rac8 31. Ba3 Rxf1+ 32. Rxf1 Rc3 0-1

[Event "GER-ch U12 Girls"]
[Site "Willingen"]
[Date "2016.05.15"]
[Round "1"]
[White "Diederich, Greta"]
[Black "Dietz, Kristin"]
[Result "1-0"]
[WhiteElo "1215"]
[BlackElo "1432"]
[PlyCount "47"]
[EventDate "2016.05.15"]
[EventType "swiss"]
[EventRounds "11"]
[EventCountry "GER"]
[SourceTitle "CBM 172 Extra"]
[Source "ChessBase"]
[SourceDate "2016.06.21"]
[SourceVersion "1"]
[SourceVersionDate "2016.06.21"]
[SourceQuality "1"]

1. e4 c5 2. Nc3 d6 3. f4 g6 4. Nf3 Bg7 5. Bc4 e6 6. a4 Ne7 7. 0-0 0-0 8. d3 Nbc6 9. Qe1 b6 10. Qh4 Nd4 11. Nxd4 Bxd4+ 12. Kh1 Nc6 13. Qg3 Bb7 14. f5 exf5 15. exf5 Nb4 16. fxg6 d5 17. gxf7+ Kh8 18. Bh6 dxc4 19. Rae1 Qd7 20. Bxf8 Rxf8 21. Nb5 Nd5 22. Nd6 Ne3 23. Rxe3 Bxe3 24. Qe5# 1-0

[Event "GER-ch U10"]
[Site "Magdeburg"]
[Date "2014.06.09"]
[Round "3"]
[White "Diederich, Greta"]
[Black "Kiesel, Lara"]
[Result "1-0"]
[WhiteElo "1036"]
[BlackElo "893"]
[PlyCount "77"]
[EventDate "2014.06.08"]
[EventType "swiss"]
[EventRounds "11"]
[EventCountry "GER"]
[SourceTitle "CBM 160 Extra"]
[Source "ChessBase"]
[SourceDate "2014.07.01"]
[SourceVersion "1"]
[SourceVersionDate "2014.07.01"]
[SourceQuality "1"]

1. e4 e6 2. Nf3 d5 3. e5 c5 4. d4 cxd4 5. Nxd4 Nc6 6. Nf3 Bc5 7. Be2 Nge7 8. 0-0 0-0 9. Be3 Bxe3 10. fxe3 Ng6 11. Qe1 Ncxe5 12. Qg3 Nxf3+ 13. Rxf3 e5 14. Rf1 Qh4 15. Qf2 Qxf2+ 16. Rxf2 Bd7 17. Nc3 Be6 18. Nb5 Rfc8 19. c3 a6 20. Nd6 Rc7 21. e4 b5 22. exd5 Bxd5 23. a3 Ne7 24. Bf3 Bxf3 25. Rxf3 Rd8 26. Nxf7 Rf8 27. Nxe5 Rd8 28. Raf1 Rcc8 29. h4 h6 30. g4 Re8 31. g5 Nd5 32. Ng6 Nb6 33. gxh6 gxh6 34. Rg3 Kh7 35. Rf7+ Kg8 36. Rb7 Re1+ 37. Kh2 Re2+ 38. Kh3 Rxb2 39. Ne7+ 1-0